[Event "European Senior Teams Chess Championshi"]
[Site "Rogaska Slatina"]
[Date "2012.04.03"]
[Round "8.23"]
[White "Smith, Stephen H"]
[Black "Stahle, Sten"]
[Result "1-0"]
[WhiteElo "1855"]
[BlackElo "1735"]
[PlyCount "115"]
[EventDate "2012.03.27"]
[WhiteTeam "SCO 2"]
[BlackTeam "FIN - HELSINKI"]

1. e4 c5 2. Nf3 d6 3. d4 cxd4 4. Nxd4 Nf6 5. Nc3 a6 6. Be2 e5 7. Nb3 Be6 8. O-O
Be7 9. f4 exf4 10. Bxf4 O-O 11. Kh1 Qc7 12. Nd5 Bxd5 13. exd5 Nbd7 14. c4 Nc5
15. Nxc5 Qxc5 16. Qd3 Nd7 17. b3 Bf6 18. Rad1 Ne5 19. Qg3 Rad8 20. Be3 Qa3 21.
Rxf6 Ng6 22. Rf2 Qxa2 23. Bd4 Qa3 24. Qc3 a5 25. Ra1 Qb4 26. Rxa5 Qxc3 27. Bxc3
Rfe8 28. Bd2 Re7 29. g3 Rde8 30. Bf1 Ne5 31. Re2 h6 32. Kg2 g5 33. Bc3 f6 34.
Bxe5 fxe5 35. Raa2 e4 36. Re3 Kg7 37. Rae2 g4 38. h3 h5 39. hxg4 hxg4 40. Rf2
Kg6 41. Rf4 Kg5 42. Be2 Re5 43. Rxg4+ Kf6 44. Rf4+ Kg6 45. Rfxe4 Kf6 46. Rxe5
dxe5 47. Bg4 e4 48. d6 Ke5 49. d7 Rd8 50. Kf2 Kd4 51. Ke2 Rh8 52. Kd2 Rh2+ 53.
Re2 e3+ 54. Kc2 Rh8 55. b4 b6 56. c5 bxc5 57. bxc5 Ra8 58. c6 1-0

[Event "European Senior Teams Chess Championshi"]
[Site "Rogaska Slatina"]
[Date "2012.04.03"]
[Round "8.23"]
[White "Pitkanen, Juhani"]
[Black "Murphy, George A A"]
[Result "1/2-1/2"]
[WhiteElo "1715"]
[BlackElo "1811"]
[PlyCount "35"]
[EventDate "2012.03.27"]
[WhiteTeam "FIN - HELSINKI"]
[BlackTeam "SCO 2"]

1. d4 Nf6 2. c4 e6 3. Nc3 d5 4. cxd5 exd5 5. Bg5 Be7 6. e3 Nbd7 7. Qc2 c6 8. h3
O-O 9. Bd3 Re8 10. Nf3 h6 11. Bf4 Nf8 12. O-O Bd6 13. Bxd6 Qxd6 14. Rab1 Bd7
15. b4 b5 16. Nd2 Ne6 17. a3 Rac8 18. Nf3 1/2-1/2

[Event "European Senior Teams Chess Championshi"]
[Site "Rogaska Slatina"]
[Date "2012.04.04"]
[Round "9.1"]
[White "Vasiukov, Evgeni"]
[Black "Gundersen, Helge"]
[Result "1/2-1/2"]
[WhiteElo "2455"]
[BlackElo "2223"]
[PlyCount "49"]
[EventDate "2012.03.27"]
[WhiteTeam "RUS 1"]
[BlackTeam "NOR 1"]

1. e4 e6 2. d4 d5 3. Nc3 dxe4 4. Nxe4 Qd5 5. Qd3 Nf6 6. Nxf6+ gxf6 7. Nf3 b6 8.
c4 Qd7 9. Qe4 c6 10. Bd2 Bb7 11. O-O-O a5 12. Qf4 Be7 13. Be2 Na6 14. Rhe1 Qc7
15. Qh4 a4 16. Bf4 Qd7 17. Kb1 b5 18. d5 cxd5 19. cxd5 Bxd5 20. Rxd5 Qxd5 21.
Rd1 Qe4+ 22. Bd3 Qd5 23. Bc2 Qc4 24. Bd3 Qd5 25. Be2 1/2-1/2

[Event "European Senior Teams Chess Championshi"]
[Site "Rogaska Slatina"]
[Date "2012.04.04"]
[Round "9.1"]
[White "Ofstad, Per"]
[Black "Mishuchkov, Nikolai M"]
[Result "0-1"]
[WhiteElo "2190"]
[BlackElo "2431"]
[PlyCount "46"]
[EventDate "2012.03.27"]
[WhiteTeam "NOR 1"]
[BlackTeam "RUS 1"]

1. e4 c5 2. Nc3 Nc6 3. f4 g6 4. Nf3 Bg7 5. Bc4 e6 6. O-O Nge7 7. d3 O-O 8. a3
d5 9. Ba2 dxe4 10. Nxe4 b6 11. Rb1 a5 12. Qe1 Nf5 13. Bd2 Ncd4 14. Nxd4 Bxd4+
15. Kh1 Bb7 16. Rf3 Bd5 17. Bc4 Bg7 18. Be3 Nd4 19. Bxd4 Bxd4 20. Rg3 Ra7 21.
a4 Re7 22. Qd2 Bg7 23. b3 Bxe4 0-1

[Event "European Senior Teams Chess Championshi"]
[Site "Rogaska Slatina"]
[Date "2012.04.04"]
[Round "9.1"]
[White "Harestad, Thor Geir"]
[Black "Chernikov, Oleg L"]
[Result "1/2-1/2"]
[WhiteElo "2175"]
[BlackElo "2415"]
[PlyCount "48"]
[EventDate "2012.03.27"]
[WhiteTeam "NOR 1"]
[BlackTeam "RUS 1"]

1. d4 d5 2. Nf3 c6 3. c4 e6 4. Qc2 Nf6 5. g3 dxc4 6. Qxc4 b5 7. Qc2 Bb7 8. Bg2
Nbd7 9. O-O c5 10. dxc5 Bxc5 11. Nc3 Rc8 12. Qd3 a6 13. Bg5 Qb6 14. Bxf6 Nxf6
15. e3 O-O 16. Rad1 Bb4 17. Ne2 Bd5 18. b3 Be4 19. Qd4 Bc5 20. Qd2 Nd5 21. Nfd4
Bxg2 22. Kxg2 Rfd8 23. Qb2 Qb7 24. Nf3 Qe7 1/2-1/2

[Event "European Senior Teams Chess Championshi"]
[Site "Rogaska Slatina"]
[Date "2012.04.04"]
[Round "9.2"]
[White "Saunina, Ludmila"]
[Black "Monin, Nikolay"]
[Result "1/2-1/2"]
[WhiteElo "2300"]
[BlackElo "2332"]
[PlyCount "126"]
[EventDate "2012.03.27"]
[WhiteTeam "RUS 2"]
[BlackTeam "RUS - ST. PETERSBURG"]

1. e4 e6 2. d4 d5 3. Nd2 Nf6 4. e5 Nfd7 5. f4 c5 6. c3 Nc6 7. Ndf3 Qb6 8. g3 a5
9. Bh3 a4 10. Ne2 cxd4 11. cxd4 a3 12. b3 Bb4+ 13. Kf1 g6 14. Be3 Ndb8 15. Bg2
Na6 16. Kf2 Bd7 17. Rc1 O-O-O 18. Nc3 Kb8 19. Na4 Qa5 20. Bf1 b6 21. Qd3 Kb7
22. Be2 Rc8 23. Ng5 Be8 24. Rc2 h6 25. Nf3 Bd7 26. Rhc1 Na7 27. Nc3 Rc6 28. Nb1
Rhc8 29. Rxc6 Rxc6 30. Rxc6 Bxc6 31. Qxa6+ Qxa6 32. Bxa6+ Kxa6 33. Bc1 Nb5 34.
Ke2 Be7 35. Kd3 Be8 36. f5 gxf5 37. Bxh6 f6 38. Bc1 f4 39. exf6 Bg6+ 40. Ke2
Bxf6 41. Nxa3 Nc3+ 42. Kf2 Ne4+ 43. Ke2 fxg3 44. hxg3 Nxg3+ 45. Kf2 Ne4+ 46.
Ke1 Nc3 47. Kd2 Nxa2 48. Bb2 Be4 49. Ne5 Bg5+ 50. Kd1 Nb4 51. Bc3 Nd3 52. Nxd3
Bxd3 53. Nc2 Be4 54. Ne1 Kb5 55. Ke2 Bh6 56. Nd3 Bg5 57. Be1 Bf6 58. Bc3 Bg7
59. Kd2 Kc6 60. Ne5+ Kc7 61. Nd3 Kd7 62. Ne5+ Ke8 63. Bb4 Bxe5 1/2-1/2

[Event "European Senior Teams Chess Championshi"]
[Site "Rogaska Slatina"]
[Date "2012.04.04"]
[Round "9.2"]
[White "Golcman, Evgeny"]
[Black "Titorenko, Natalia I"]
[Result "1-0"]
[WhiteElo "2285"]
[BlackElo "2139"]
[PlyCount "75"]
[EventDate "2012.03.27"]
[WhiteTeam "RUS - ST. PETERSBURG"]
[BlackTeam "RUS 2"]

1. c4 e5 2. g3 Nf6 3. Bg2 d5 4. cxd5 Nxd5 5. Nf3 Nc6 6. O-O Nde7 7. Nc3 g6 8.
b4 a6 9. Rb1 Bg7 10. a4 O-O 11. b5 axb5 12. axb5 Nd4 13. Ne1 Bf5 14. d3 Qc8 15.
e3 e4 16. exd4 exd3 17. Nxd3 Bxd4 18. Ne4 Rd8 19. Qc2 Qe6 20. Nf4 Qa2 21. Qxa2
Rxa2 22. Bf3 h5 23. Rb3 c5 24. bxc6 Nxc6 25. Be3 Ne5 26. Bg2 Ng4 27. Bxd4 Rxd4
28. Nc3 Rc2 29. h3 Ne5 30. Ncd5 Kg7 31. Ne3 Ra2 32. Nxh5+ Kh6 33. Nxf5+ gxf5
34. Nf4 Rdd2 35. Rb6+ Kg5 36. h4+ Kg4 37. Rb3 b5 38. Bh3# 1-0

[Event "European Senior Teams Chess Championshi"]
[Site "Rogaska Slatina"]
[Date "2012.04.04"]
[Round "9.4"]
[White "Vucenovic, Dragomir"]
[Black "Opl, Klaus"]
[Result "0-1"]
[WhiteElo "2260"]
[BlackElo "2287"]
[PlyCount "82"]
[EventDate "2012.03.27"]
[WhiteTeam "SUI"]
[BlackTeam "AUT - WIEN 1"]

1. d4 Nf6 2. Nf3 e6 3. Bg5 c5 4. e3 cxd4 5. exd4 Be7 6. Nbd2 d6 7. Bd3 Nbd7 8.
O-O O-O 9. c4 h6 10. Bh4 b6 11. Re1 d5 12. Rc1 dxc4 13. Nxc4 Nd5 14. Bg3 N7f6
15. Nce5 Bb7 16. a3 Bd6 17. Qd2 Rc8 18. Rxc8 Qxc8 19. Rc1 Qa8 20. h3 Rd8 21.
Qe2 Ne7 22. Re1 Bd5 23. Bb1 Qb7 24. Ng4 Nxg4 25. hxg4 Bxg3 26. fxg3 Bxf3 27.
gxf3 Rxd4 28. Rd1 Rxd1+ 29. Qxd1 Qd5 30. Qe2 Qc5+ 31. Kg2 Nd5 32. f4 g6 33. Be4
Ne3+ 34. Kh3 Qc1 35. Kh2 Qc5 36. Kh3 Qd4 37. Bb1 g5 38. f5 Qd1 39. Qxd1 Nxd1
40. fxe6 fxe6 41. b4 Nf2+ 0-1

[Event "European Senior Teams Chess Championshi"]
[Site "Rogaska Slatina"]
[Date "2012.04.04"]
[Round "9.5"]
[White "Sorensen, Bent"]
[Black "Hecht, Hans-Joachim"]
[Result "1-0"]
[WhiteElo "2312"]
[BlackElo "2383"]
[PlyCount "51"]
[EventDate "2012.03.27"]
[WhiteTeam "DEN 1"]
[BlackTeam "GER 1"]

1. Nf3 Nf6 2. g3 b5 3. Bg2 Bb7 4. O-O e6 5. d3 d6 6. e4 Nbd7 7. a4 b4 8. Re1
Be7 9. Nbd2 O-O 10. c3 bxc3 11. bxc3 a5 12. Ba3 Nb6 13. c4 Nfd7 14. d4 e5 15.
c5 dxc5 16. dxe5 c4 17. e6 fxe6 18. Qc2 Bxa3 19. Rxa3 Qe7 20. Rc3 Ba6 21. Nd4
Qf6 22. N2f3 Ne5 23. Nxe5 Qxe5 24. Nf3 Qc5 25. e5 Nd5 26. Ng5 1-0

[Event "European Senior Teams Chess Championshi"]
[Site "Rogaska Slatina"]
[Date "2012.04.04"]
[Round "9.5"]
[White "Kolbak, Jens"]
[Black "Clemens, Christian Dr"]
[Result "1/2-1/2"]
[WhiteElo "2278"]
[BlackElo "2302"]
[PlyCount "63"]
[EventDate "2012.03.27"]
[WhiteTeam "DEN 1"]
[BlackTeam "GER 1"]

1. e4 d5 2. exd5 Nf6 3. Nf3 Nxd5 4. d4 Bg4 5. Be2 e6 6. O-O Be7 7. c4 Nb6 8. a4
a5 9. Nc3 O-O 10. c5 Nd5 11. Ne5 Bxe2 12. Qxe2 Nc6 13. Nxc6 bxc6 14. Rd1 Rb8
15. Ra3 Re8 16. Ne4 Rb4 17. Qc2 Nf6 18. Be3 Nxe4 19. Qxe4 Qd7 20. Qc2 Reb8 21.
b3 Bf6 22. Rd3 Qd5 23. Bd2 Rxd4 24. Rxd4 Bxd4 25. Bxa5 Bxc5 26. Bxc7 Rc8 27. b4
Bxf2+ 28. Qxf2 Qd1+ 29. Qf1 Qd4+ 30. Qf2 Qd1+ 31. Qf1 Qd4+ 32. Qf2 1/2-1/2

[Event "European Senior Teams Chess Championshi"]
[Site "Rogaska Slatina"]
[Date "2012.04.04"]
[Round "9.6"]
[White "Hurme, Harri"]
[Black "Singer, Hans"]
[Result "1/2-1/2"]
[WhiteElo "2184"]
[BlackElo "2265"]
[PlyCount "111"]
[EventDate "2012.03.27"]
[WhiteTeam "FIN 1"]
[BlackTeam "AUT 1"]

1. d4 d5 2. c4 e6 3. Nc3 c5 4. cxd5 exd5 5. Nf3 Nc6 6. g3 Nf6 7. Bg2 Be7 8. O-O
O-O 9. Bg5 cxd4 10. Nxd4 h6 11. Be3 Re8 12. Rc1 Bf8 13. Nxc6 bxc6 14. Na4 Bd7
15. Bd4 Ne4 16. Nc5 Bxc5 17. Bxc5 Nxc5 18. Rxc5 Qb6 19. Rc2 Bf5 20. Rd2 a5 21.
e3 a4 22. Qc1 Be4 23. Qc3 Bxg2 24. Kxg2 Re4 25. b3 axb3 26. axb3 Rb8 27. Rc1
Re6 28. Rb2 Qb4 29. Qxb4 Rxb4 30. Rc3 Kf8 31. Ra2 Rb6 32. Kf3 Ke7 33. Ra7+ Kf6
34. Rb7 g5 35. g4 Kg6 36. Kg3 f5 37. h3 h5 38. gxf5+ Kxf5 39. h4 g4 40. Rg7 Kf6
41. Rg8 Re5 42. Rc8 Re6 43. Kg2 Kg6 44. Kf1 Ra6 45. Rc2 Rf6 46. Ke2 Rb6 47. b4
Kf5 48. Rc5 Rxb4 49. R5xc6 Rxc6 50. Rxc6 Rb2+ 51. Kf1 g3 52. fxg3 Ke4 53. Ke1
Kxe3 54. Re6+ Kf3 55. Re5 d4 56. Rxh5 1/2-1/2

[Event "European Senior Teams Chess Championshi"]
[Site "Rogaska Slatina"]
[Date "2012.04.04"]
[Round "9.6"]
[White "Roth, Peter"]
[Black "Morant, Paul"]
[Result "1/2-1/2"]
[WhiteElo "2262"]
[BlackElo "2167"]
[PlyCount "21"]
[EventDate "2012.03.27"]
[WhiteTeam "AUT 1"]
[BlackTeam "FIN 1"]

1. e4 c5 2. Nf3 d6 3. Nc3 Nc6 4. d4 cxd4 5. Nxd4 Bd7 6. Be3 Nf6 7. f3 g6 8. Qd2
Bg7 9. O-O-O O-O 10. g4 Nxd4 11. Bxd4 1/2-1/2

[Event "European Senior Teams Chess Championshi"]
[Site "Rogaska Slatina"]
[Date "2012.04.04"]
[Round "9.7"]
[White "Donchenko, Anatoly"]
[Black "Pesec, Franc"]
[Result "1-0"]
[WhiteElo "2376"]
[BlackElo "2116"]
[PlyCount "77"]
[EventDate "2012.03.27"]
[WhiteTeam "GER - HESSEN"]
[BlackTeam "SLO - CELJE"]

1. Nf3 Nf6 2. d4 g6 3. g3 Bg7 4. Bg2 O-O 5. O-O d6 6. b3 Nbd7 7. Bb2 e5 8. dxe5
Ng4 9. Qc1 Ngxe5 10. Nxe5 Nxe5 11. c4 Rb8 12. Nc3 Be6 13. h3 h5 14. Qd2 a6 15.
f4 Nc6 16. Rad1 f5 17. h4 Kh7 18. Rfe1 Rf7 19. Kh2 Re7 20. e4 Re8 21. exf5 Bxf5
22. Nd5 Qd7 23. Nf6+ Bxf6 24. Bxf6 Qf7 25. Bb2 Ne7 26. Qc3 Bg4 27. Rd3 Nf5 28.
Rxe8 Qxe8 29. c5 dxc5 30. Qxc5 c6 31. Qa7 Qc8 32. Bf6 Qf8 33. Rd7+ Kg8 34. Be5
Rd8 35. Qxb7 Rxd7 36. Qxd7 Ne7 37. Qd3 Qa8 38. Qd6 Kf7 39. Qf6+ 1-0

[Event "European Senior Teams Chess Championshi"]
[Site "Rogaska Slatina"]
[Date "2012.04.04"]
[Round "9.7"]
[White "Djurkovic, Maks"]
[Black "Isserman, Ryhor"]
[Result "0-1"]
[WhiteElo "2130"]
[BlackElo "2309"]
[PlyCount "84"]
[EventDate "2012.03.27"]
[WhiteTeam "SLO - CELJE"]
[BlackTeam "GER - HESSEN"]

1. d4 Nf6 2. g3 c5 3. d5 d6 4. Bg2 g6 5. Nc3 Bg7 6. e4 O-O 7. Nge2 Na6 8. O-O
Rb8 9. a4 Nc7 10. Nb5 a6 11. Nxc7 Qxc7 12. a5 b5 13. axb6 Rxb6 14. c3 Bd7 15.
Qc2 Rfb8 16. Ra2 e6 17. Nf4 exd5 18. Nxd5 Nxd5 19. exd5 Bb5 20. Re1 Be5 21. f4
Bf6 22. Bf1 Bd7 23. Qg2 h5 24. h3 a5 25. Kh2 a4 26. g4 hxg4 27. hxg4 Re8 28.
Rxe8+ Bxe8 29. Bd3 Rb8 30. Bc2 Ra8 31. Qe4 Bd7 32. g5 Bg7 33. Bxa4 Re8 34. Qc4
Bxa4 35. Rxa4 Qd7 36. Ra2 Qg4 37. b4 Re1 38. bxc5 Rxc1 39. c6 Qh4+ 40. Kg2 Qh1+
41. Kf2 Bxc3 42. Qb3 Bd4+ 0-1

[Event "European Senior Teams Chess Championshi"]
[Site "Rogaska Slatina"]
[Date "2012.04.04"]
[Round "9.7"]
[White "Haubt, Georg"]
[Black "Gazvoda, Franc"]
[Result "1-0"]
[WhiteElo "2215"]
[BlackElo "2075"]
[PlyCount "115"]
[EventDate "2012.03.27"]
[WhiteTeam "GER - HESSEN"]
[BlackTeam "SLO - CELJE"]

1. e4 c5 2. Nc3 e6 3. g3 d5 4. exd5 exd5 5. d4 Be6 6. Nge2 Nc6 7. Be3 c4 8. b3
cxb3 9. axb3 Bb4 10. Bg2 Nf6 11. O-O O-O 12. h3 Qc8 13. Kh2 Re8 14. Bg5 Qd7 15.
Bxf6 gxf6 16. Na4 b6 17. Nf4 Rac8 18. Nh5 Be7 19. Qd2 Kh8 20. Qh6 Rg8 21. Nxf6
Bxf6 22. Qxf6+ Rg7 23. Rfd1 Kg8 24. c4 Na5 25. Nc5 bxc5 26. Rxa5 dxc4 27. d5
cxb3 28. Rxa7 Qxa7 29. dxe6 Rg6 30. Rd8+ Rxd8 31. Qxd8+ Kg7 32. e7 Re6 33. e8=Q
Rxe8 34. Qxe8 c4 35. Qe5+ Kf8 36. Qd6+ Kg8 37. Qd8+ Kg7 38. Qd2 Qc5 39. Qc3+ f6
40. Kg1 Qb5 41. Be4 Kf8 42. g4 h6 43. Kf1 Ke7 44. Ke2 Qc5 45. Qe3 Kd6 46. Qxc5+
Kxc5 47. Ke3 c3 48. h4 c2 49. Kd2 Kb4 50. f4 Kc5 51. g5 fxg5 52. fxg5 hxg5 53.
h5 Kd4 54. h6 Kxe4 55. h7 g4 56. h8=Q g3 57. Qf6 g2 58. Qc6+ 1-0

[Event "European Senior Teams Chess Championshi"]
[Site "Rogaska Slatina"]
[Date "2012.04.04"]
[Round "9.8"]
[White "Jongsma, Alexander"]
[Black "Malmdin, Nils-Ake"]
[Result "0-1"]
[WhiteElo "2193"]
[BlackElo "2306"]
[PlyCount "72"]
[EventDate "2012.03.27"]
[WhiteTeam "NED - VAS"]
[BlackTeam "SWE 1"]

1. Nc3 g6 2. h4 Bg7 3. e4 c6 4. h5 d5 5. Nf3 Bg4 6. Rh4 gxh5 7. d4 e6 8. g3 Nf6
9. e5 Ne4 10. Bh3 f5 11. Bxg4 hxg4 12. Nxe4 dxe4 13. Ng1 Na6 14. Ne2 Qd7 15.
Bg5 h6 16. Be3 O-O-O 17. Qd2 c5 18. c3 Qc6 19. Bxh6 Bxe5 20. Bg5 Rxh4 21. Bxh4
Rd7 22. Qg5 e3 23. Qxe3 Qh1+ 24. Kd2 Qxa1 25. Qxe5 Qxb2+ 26. Ke3 cxd4+ 27. cxd4
Qa3+ 28. Kf4 Qd6 29. Qxd6 Rxd6 30. Ke5 Kd7 31. Nf4 Nb4 32. d5 Nxd5 33. Nd3 Rc6
34. Kd4 Kd6 35. Bg5 b5 36. Bh6 Rc4# 0-1

[Event "European Senior Teams Chess Championshi"]
[Site "Rogaska Slatina"]
[Date "2012.04.04"]
[Round "9.8"]
[White "Wahlbom, Magnus"]
[Black "Ghijsen, Pim"]
[Result "1/2-1/2"]
[WhiteElo "2291"]
[BlackElo "2191"]
[PlyCount "30"]
[EventDate "2012.03.27"]
[WhiteTeam "SWE 1"]
[BlackTeam "NED - VAS"]

1. e4 c5 2. Nf3 a6 3. c4 Nc6 4. d4 cxd4 5. Nxd4 Nf6 6. Nc3 e5 7. Nb3 Bb4 8. Bd3
O-O 9. O-O Na5 10. Be3 Nxb3 11. Qxb3 Bxc3 12. Qxc3 Re8 13. Rfd1 d6 14. Bc2 Qc7
15. f3 Be6 1/2-1/2

[Event "European Senior Teams Chess Championshi"]
[Site "Rogaska Slatina"]
[Date "2012.04.04"]
[Round "9.8"]
[White "Van Oosten, Arend"]
[Black "Petersson, Gosta"]
[Result "1-0"]
[WhiteElo "2186"]
[BlackElo "2163"]
[PlyCount "89"]
[EventDate "2012.03.27"]
[WhiteTeam "NED - VAS"]
[BlackTeam "SWE 1"]

1. e4 c5 2. Nc3 Nc6 3. g3 g6 4. Bg2 Bg7 5. d3 e6 6. Be3 d6 7. Qd2 Rb8 8. Nf3
Nd4 9. Bxd4 cxd4 10. Nb5 a6 11. Nbxd4 Ne7 12. O-O O-O 13. c3 e5 14. Ne2 f5 15.
exf5 Nxf5 16. Ng5 d5 17. h4 h6 18. Nh3 Be6 19. Kh2 Kh7 20. Rae1 Qb6 21. Neg1
Rbe8 22. f4 d4 23. fxe5 Ne3 24. Rxf8 Rxf8 25. cxd4 Ng4+ 26. Kh1 Qxd4 27. Ne2
Qd7 28. Nef4 Bf5 29. e6 Qc7 30. d4 b5 31. d5 Qd6 32. Be4 Ne5 33. b3 Bxe4+ 34.
Rxe4 Rc8 35. Kg2 Bf6 36. Qe2 Rc7 37. Nf2 Bg7 38. Ng4 g5 39. hxg5 hxg5 40. Nxe5
gxf4 41. Qh5+ Kg8 42. Nf7 f3+ 43. Qxf3 Qxd5 44. e7 Rc2+ 45. Kh3 1-0

[Event "European Senior Teams Chess Championshi"]
[Site "Rogaska Slatina"]
[Date "2012.04.04"]
[Round "9.8"]
[White "Nyberg, Ulf"]
[Black "Van Dongen, Rob"]
[Result "1-0"]
[WhiteElo "2140"]
[BlackElo "1968"]
[PlyCount "45"]
[EventDate "2012.03.27"]
[WhiteTeam "SWE 1"]
[BlackTeam "NED - VAS"]

1. e4 e6 2. Nf3 d5 3. e5 g6 4. d4 Bg7 5. Bd3 Ne7 6. h4 b6 7. h5 Ba6 8. h6 Bf8
9. Bxa6 Nxa6 10. Bg5 Qd7 11. Bf6 Rg8 12. g4 Nf5 13. gxf5 gxf5 14. Nc3 Be7 15.
Qe2 Qc8 16. O-O-O c5 17. Qb5+ Kd8 18. Rhg1 Rg6 19. Rxg6 fxg6 20. dxc5 bxc5 21.
Nxd5 exd5 22. Rxd5+ Kc7 23. Bxe7 1-0

[Event "European Senior Teams Chess Championshi"]
[Site "Rogaska Slatina"]
[Date "2012.04.04"]
[Round "9.9"]
[White "Rodriguez Vargas, Orestes"]
[Black "Ager, Josef"]
[Result "1-0"]
[WhiteElo "2403"]
[BlackElo "2195"]
[PlyCount "51"]
[EventDate "2012.03.27"]
[WhiteTeam "ESP - CATALONIA"]
[BlackTeam "AUT - NIEDEROSTERREICH"]

1. c4 Nf6 2. Nc3 d6 3. d4 Nc6 4. d5 Ne5 5. e4 g6 6. f4 Ned7 7. Nf3 Bg7 8. Bd3
O-O 9. O-O e5 10. dxe6 fxe6 11. Qe2 a6 12. Bd2 Rb8 13. b4 Nh5 14. g3 Qe8 15.
Rae1 e5 16. f5 Nb6 17. c5 dxc5 18. bxc5 Na4 19. Ng5 Nxc5 20. Bc4+ Kh8 21. fxg6
hxg6 22. Rxf8+ Qxf8 23. Rf1 Qe8 24. Bf7 Qc6 25. Nd5 Ne6 26. Nxe6 1-0

[Event "European Senior Teams Chess Championshi"]
[Site "Rogaska Slatina"]
[Date "2012.04.04"]
[Round "9.9"]
[White "Weinwurm, Wolfgang"]
[Black "Garriga Nualart, Josep"]
[Result "1/2-1/2"]
[WhiteElo "2172"]
[BlackElo "2319"]
[PlyCount "51"]
[EventDate "2012.03.27"]
[WhiteTeam "AUT - NIEDEROSTERREICH"]
[BlackTeam "ESP - CATALONIA"]

1. e4 e5 2. Nf3 Nc6 3. d4 exd4 4. Nxd4 g6 5. Nc3 Bg7 6. Be3 Nge7 7. Bc4 d6 8.
Qd2 O-O 9. h4 Ne5 10. Be2 h5 11. Bg5 f6 12. Bh6 N7c6 13. Bxg7 Kxg7 14. O-O-O
Nxd4 15. Qxd4 Be6 16. f4 Nc6 17. Qf2 f5 18. e5 Qe7 19. exd6 cxd6 20. Rhe1 Rfe8
21. Qg3 Kh7 22. Bf3 Rad8 23. Bd5 Qf7 24. Qf3 Bxd5 25. Qxd5 Qxd5 26. Nxd5
1/2-1/2

[Event "European Senior Teams Chess Championshi"]
[Site "Rogaska Slatina"]
[Date "2012.04.04"]
[Round "9.10"]
[White "Olesen, Poul Erik Norgaard"]
[Black "James, Geoffrey H"]
[Result "1/2-1/2"]
[WhiteElo "2052"]
[BlackElo "2215"]
[PlyCount "42"]
[EventDate "2012.03.27"]
[WhiteTeam "DEN 2"]
[BlackTeam "ENG 1"]

1. e4 e5 2. Bc4 Nf6 3. d3 Nc6 4. Nf3 Bc5 5. O-O d6 6. c3 Bb6 7. Bb3 h6 8. Nbd2
O-O 9. Nc4 Qe7 10. h3 Be6 11. Nxb6 axb6 12. Be3 Kh7 13. Qc2 Nh5 14. d4 Bc8 15.
Qe2 Nf6 16. Nd2 g6 17. f4 Nh5 18. Rf3 exf4 19. Bxf4 Nxf4 20. Rxf4 Bd7 21. Raf1
f5 1/2-1/2

[Event "European Senior Teams Chess Championshi"]
[Site "Rogaska Slatina"]
[Date "2012.04.04"]
[Round "9.10"]
[White "Preuss, Flemming"]
[Black "Yeo, Michael J"]
[Result "0-1"]
[WhiteElo "1993"]
[BlackElo "2135"]
[PlyCount "100"]
[EventDate "2012.03.27"]
[WhiteTeam "DEN 2"]
[BlackTeam "ENG 1"]

1. c4 e5 2. Nc3 Nc6 3. g3 g6 4. Bg2 Bg7 5. e4 d6 6. d3 Be6 7. Nge2 Qd7 8. O-O
Nge7 9. Rb1 O-O 10. b4 f5 11. b5 Nd8 12. Bg5 f4 13. gxf4 exf4 14. f3 h6 15.
Bxe7 Qxe7 16. Nd5 Bxd5 17. cxd5 a6 18. Qd2 axb5 19. Rxb5 c6 20. Ra5 Rxa5 21.
Qxa5 cxd5 22. Qxd5+ Qe6 23. Qxe6+ Nxe6 24. Rc1 Ra8 25. Rc2 Ra3 26. Bh3 Nd4 27.
Nxd4 Bxd4+ 28. Kg2 Rxd3 29. Be6+ Kg7 30. Bd5 b6 31. Rc7+ Kf8 32. Rf7+ Ke8 33.
Rxf4 Rd2+ 34. Kf1 g5 35. Rf7 Rxh2 36. Ke1 Bc3+ 37. Kf1 h5 38. Rh7 h4 39. Kg1
Rb2 40. Kh1 Be5 41. Kg1 Bf4 42. a4 Be3+ 43. Kh1 Rf2 44. Bf7+ Kd8 45. Be6 Rxf3
46. Rd7+ Ke8 47. Rxd6 Ke7 48. Rc6 h3 49. Bf5 Bf4 50. Re6+ Kf7 0-1

[Event "European Senior Teams Chess Championshi"]
[Site "Rogaska Slatina"]
[Date "2012.04.04"]
[Round "9.11"]
[White "Watzka, Horst"]
[Black "Giulian, Philip M"]
[Result "1/2-1/2"]
[WhiteElo "2253"]
[BlackElo "2290"]
[PlyCount "21"]
[EventDate "2012.03.27"]
[WhiteTeam "AUT - STEIERMARK"]
[BlackTeam "SCO 1"]

1. e4 c6 2. d4 d5 3. Nd2 dxe4 4. Nxe4 Nd7 5. Nf3 Ngf6 6. Nxf6+ Nxf6 7. Ne5 Be6
8. c3 g6 9. Bd3 Bg7 10. Qe2 Nd7 11. Bf4 1/2-1/2

[Event "European Senior Teams Chess Championshi"]
[Site "Rogaska Slatina"]
[Date "2012.04.04"]
[Round "9.11"]
[White "Jamieson, Peter M"]
[Black "Nickl, Klaus"]
[Result "0-1"]
[WhiteElo "2251"]
[BlackElo "2162"]
[PlyCount "70"]
[EventDate "2012.03.27"]
[WhiteTeam "SCO 1"]
[BlackTeam "AUT - STEIERMARK"]

1. d4 Nf6 2. c4 g6 3. Nc3 Bg7 4. e4 d6 5. Bd3 O-O 6. Nge2 Nc6 7. O-O e5 8. d5
Nb4 9. h3 a5 10. Be3 b6 11. Bb1 Bd7 12. a3 Na6 13. Bc2 Nh5 14. Qd2 f5 15. exf5
gxf5 16. f4 Qe7 17. Rae1 Rae8 18. Bf2 Bh6 19. g3 Nc5 20. Kh2 Ne4 21. Bxe4 fxe4
22. Be3 exf4 23. Nxf4 Ng7 24. Ng6 hxg6 25. Bxh6 Rxf1 26. Rxf1 e3 27. Qg2 Nf5
28. Bf4 g5 29. Qe2 gxf4 30. Rxf4 Ng7 31. Re4 Qg5 32. h4 Qh6 33. Rxe8+ Bxe8 34.
Ne4 Bh5 35. g4 Qf4+ 0-1

[Event "European Senior Teams Chess Championshi"]
[Site "Rogaska Slatina"]
[Date "2012.04.04"]
[Round "9.11"]
[White "Kratschmer, Heinz"]
[Black "Bonner, Gerald"]
[Result "1-0"]
[WhiteElo "2164"]
[BlackElo "2197"]
[PlyCount "111"]
[EventDate "2012.03.27"]
[WhiteTeam "AUT - STEIERMARK"]
[BlackTeam "SCO 1"]

1. d4 d5 2. Nf3 Bf5 3. c4 e6 4. Qb3 Nc6 5. c5 Rb8 6. e3 Nf6 7. Bb5 Nd7 8. Bxc6
bxc6 9. Qa4 Bd3 10. Nc3 Be7 11. Qxc6 O-O 12. Kd2 Be4 13. Nxe4 dxe4 14. Qxe4
Nxc5 15. Qc2 Qd5 16. Ke2 Ne4 17. Rd1 Bd6 18. Kf1 f5 19. b3 Rb6 20. Qc4 Rc6 21.
Qxd5 exd5 22. Ne5 Bxe5 23. dxe5 Rd8 24. f3 Nc3 25. Rd3 Nxa2 26. Rxa2 Rxc1+ 27.
Kf2 c5 28. Rxa7 d4 29. exd4 cxd4 30. e6 Rcc8 31. Rd7 Re8 32. R3xd4 Rxe6 33.
Rd8+ Rxd8 34. Rxd8+ Kf7 35. Rd2 Rb6 36. Rb2 Ke6 37. b4 Kd5 38. Ke3 Kc4 39. Kf4
Kc3 40. Rb1 Kc2 41. Re1 Rxb4+ 42. Kxf5 Rb6 43. Re6 Rb5+ 44. Kg4 Rb7 45. h4 Kd3
46. Re4 Rf7 47. Kg5 Rc7 48. h5 Rc5+ 49. Kh4 Rc2 50. Rg4 Rc7 51. h6 g6 52. Re4
Rc5 53. g4 Rc7 54. Re8 Rf7 55. Kg5 Rxf3 56. Re7 1-0

[Event "European Senior Teams Chess Championshi"]
[Site "Rogaska Slatina"]
[Date "2012.04.04"]
[Round "9.11"]
[White "White, Alastair F"]
[Black "Pitzl, Konstantinos"]
[Result "1/2-1/2"]
[WhiteElo "2097"]
[BlackElo "2093"]
[PlyCount "72"]
[EventDate "2012.03.27"]
[WhiteTeam "SCO 1"]
[BlackTeam "AUT - STEIERMARK"]

1. e4 d6 2. d4 Nf6 3. Nc3 g6 4. f4 Bg7 5. Nf3 O-O 6. Bd3 Na6 7. O-O c5 8. d5
Bg4 9. Qe1 Bxf3 10. Rxf3 Nb4 11. a3 Nxd3 12. cxd3 Qb6 13. Kh1 Qb3 14. Nd1 Rac8
15. Bd2 Qa4 16. Rc1 Qd7 17. Ne3 b5 18. Qh4 c4 19. f5 cxd3 20. Rcf1 Rc4 21. Nxc4
bxc4 22. g4 Nxe4 23. Rh3 Nf6 24. g5 Nh5 25. Qxc4 Bxb2 26. Qxd3 Be5 27. f6 exf6
28. Rxh5 gxh5 29. gxf6 Kh8 30. Bh6 Rg8 31. Bg7+ Rxg7 32. fxg7+ Kxg7 33. Qf3 Qb7
34. Rg1+ Kf8 35. Qg2 h6 36. Rc1 Ke7 1/2-1/2